| 000 | 00598nam a2200205 a 4500 | ||
|---|---|---|---|
| 005 | 20210219152844.0 | ||
| 008 | 991125n 000 0 spa u | ||
| 035 | _aUPN01000063399 | ||
| 100 | _aFERNANDEZ, Alfredo L. | ||
| 222 | _aREVISTA DE LA EDUCACION SUPERIOR | ||
| 245 | _aAlcances de la explicación económica en el ámbito educativo | ||
| 300 | _a30-33 | ||
| 362 | _a1987 Vol. 16, no. 1(61), ene.-mar. | ||
| 653 | 0 | _aEDUCACION TÉCNICA | |
| 653 | 0 | _aMERCADO LABORAL | |
| 653 | 0 | _aPLANEACION EDUCATIVA | |
| 653 | 0 | _aPOLITICA EDUCATIVA | |
| 904 |
_aAC _b001210 |
||
| 905 | _aArticulo | ||
| 999 |
_c62089 _d62089 |
||